Meeting challenges / (Record no. 2352)
[ view plain ]
| 000 -LEADER | |
|---|---|
| fixed length control field | nam a22 7a 4500 |
| 005 - DATE AND TIME OF LATEST TRANSACTION | |
| control field | 20170516104358.0 |
| 008 - FIXED-LENGTH DATA ELEMENTS--GENERAL INFORMATION | |
| fixed length control field | 170516b1980 ny ||||| |||| 00| 0 eng d |
| 020 ## - INTERNATIONAL STANDARD BOOK NUMBER | |
| International Standard Book Number | 0278457614 |
| 040 ## - CATALOGING SOURCE | |
| Original cataloging agency | AKMAL |
| 082 ## - DEWEY DECIMAL CLASSIFICATION NUMBER | |
| Classification number | 417.4 NEL |
| 090 ## - LOCALLY ASSIGNED LC-TYPE CALL NUMBER (OCLC); LOCAL CALL NUMBER (RLIN) | |
| Classification number (OCLC) (R) ; Classification number, CALL (RLIN) (NR) | 417.4 |
| Local cutter number (OCLC) ; Book number/undivided call number, CALL (RLIN) | NEL |
| 100 2# - MAIN ENTRY--PERSONAL NAME | |
| Personal name | Nelson-Herber, Joan |
| 9 (RLIN) | 4887 |
| 245 10 - TITLE STATEMENT | |
| Title | Meeting challenges / |
| Statement of responsibility, etc. | [author, Joan Nelson ; senior consultant, Harold L. Herber, consultants, Doris Taylor, Donna Alvermann]. |
| 260 ## - PUBLICATION, DISTRIBUTION, ETC. | |
| Place of publication, distribution, etc. | New York : |
| Name of publisher, distributor, etc. | American Book Co., |
| Date of publication, distribution, etc. | c1980 |
| 300 ## - PHYSICAL DESCRIPTION | |
| Extent | 512 p. |
| Other physical details | ill. (some col.) ; |
| Dimensions | 24cm |
| 490 0# - SERIES STATEMENT | |
| Series statement | American readers ; 8 |
| 504 ## - BIBLIOGRAPHY, ETC. NOTE | |
| Bibliography, etc. note | Includes bibliographies. |
| 520 ## - SUMMARY, ETC. | |
| Summary, etc. | A reading textbook containing stories, articles, poems, and selections from novels followed by questions and activities. |
| 650 #0 - SUBJECT ADDED ENTRY--TOPICAL TERM | |
| Topical term or geographic name entry element | Readers (Elementary) |
| 9 (RLIN) | 4888 |
| 650 #1 - SUBJECT ADDED ENTRY--TOPICAL TERM | |
| Topical term or geographic name entry element | Readers. |
| 9 (RLIN) | 4881 |
| 942 ## - ADDED ENTRY ELEMENTS (KOHA) | |
| Source of classification or shelving scheme | |
| Koha item type | Book |
| Withdrawn status | Lost status | Source of classification or shelving scheme | Damaged status | Not for loan | Collection code | Home library | Current library | Shelving location | Date acquired | Inventory number | Total Checkouts | Full call number | Barcode | Date last seen | Price effective from | Koha item type |
|---|---|---|---|---|---|---|---|---|---|---|---|---|---|---|---|---|
| NON-FICTION | AKMAL Melaka | AKMAL Melaka | PINJAMAN | 16.05.2017 | 400206 | 417.4 NEL | 201706670 | 16.05.2017 | 16.05.2017 | Book |
